Guess the country where those statues are located - Statistics

General Stats
  • This quiz has been taken 23 times
  • The average score is 9 of 24
Answer Stats
Picture Answer % Correct
Brazil
100%
Egypt
100%
United States
100%
China
82%
Italy
82%
India
53%
Russia
47%
France
35%
Greece
35%
United Kingdom
29%
Australia
24%
Germany
24%
Mongolia
24%
Poland
18%
Ukraine
18%
Canada
12%
Japan
12%
Romania
12%
Senegal
12%
Turkey
12%
Bolivia
6%
Georgia
6%
Hungary
6%
Serbia
6%
No matching quizzes found
Score Distribution
Percent of People with Each Score
Percentile by Number Answered
Your Score History
You have not taken this quiz